|
|
|
|
| LEADER |
00000nab a2200000 a 4500 |
| 001 |
vtls000596161 |
| 003 |
SK-MaSNL |
| 005 |
20260304084907.0 |
| 008 |
250425c1996 xo 0 slo |
| 015 |
|
|
|a SNBRB19rr/mm-uuuuu
|
| 035 |
|
|
|a CL0596300
|
| 035 |
|
|
|a urn:nbn:sk:snk-abf2ud
|
| 035 |
|
|
|a (urnnbn)urn:nbn:sk:snk:ar-005aw4
|
| 035 |
|
|
|a (uuid)bed78eb0-2b4d-4596-b0df-44390573adce
|
| 040 |
|
|
|a SNKBUCL
|b slo
|c SNKBUCL
|e AACR2
|
| 041 |
0 |
|
|a slo
|
| 044 |
|
|
|a xo
|c SK
|
| 080 |
|
|
|a 674.093:621.935
|2 1981
|
| 080 |
|
|
|a 621.935
|2 1981
|
| 100 |
1 |
|
|a Barcík, Štefan,
|d 1957-
|4 aut
|9 11426
|
| 245 |
1 |
0 |
|a Diagnostická kontrola technického stavu kmeňových pásových píl a údržby pílových pásov
|c Štefan Barcík
|
| 300 |
|
|
|b Obr. 14,. lit. 3 zázn. v češ., slov.
|
| 650 |
0 |
7 |
|a píly pásové
|2 snkbucl
|9 943236
|
| 650 |
0 |
7 |
|a pásy pílové
|2 snkbucl
|9 869404
|
| 655 |
|
7 |
|a články z novín a časopisov
|2 snkbucl
|9 267496
|
| 773 |
0 |
|
|t Drevo
|g Roč. 51, č. 6 (1996), s. 133-136 a 144
|x 0012-6144
|
| 850 |
|
|
|a Slovenská národná knižnica
|
| 852 |
|
|
|a Slovenská národná knižnica
|
| 954 |
|
|
|a odborná, vedecká literatúra pôvodná (slovenská)
|2 lita
|
| 958 |
|
|
|a article27
|
| 958 |
|
|
|a RK
|
| 958 |
|
|
|a OND
|
| 958 |
|
|
|a EUIPO
|
| 992 |
|
|
|a RBX
|
| 999 |
|
|
|c 2805539
|d 2807469
|